| 000 | 00458nam a2200181Ia 4500 | ||
|---|---|---|---|
| 008 | 240925s9999 xx 000 0 und d | ||
| 020 | _a70585695 | ||
| 082 | _a658.0558 DUB | ||
| 100 | _aDube ,D P. | ||
| 245 | 0 | _aInformation System Audit and Assurance | |
| 250 | _aNA | ||
| 260 |
_aNew Delhi: _bTata McGraw Hill _c,2005. |
||
| 300 |
_axv,683p. _b0 _fOriginal |
||
| 500 | _aIncludes Index | ||
| 600 | _aManagement | ||
| 650 | _aManagement | ||
| 942 | _cBK | ||
| 999 |
_c10191 _d10191 |
||